000 00543nam a2200181 i 4500
001 107448
003 ES-MaACL
005 20230906184426.0
007 t|
008 061121s1912 sp r ||||1| spa d
100 1 _aMorrell, Fausto.
_983664
245 1 0 _aNacionalidad
_b: ( estudio de derecho internacional privado) /
_cFausto Morell [sic].
260 _aMadrid :
_bEst. Tip. de Juan Pérez Torres,
_c1912.
300 _a40 p. ;
_c21 cm.
502 _aTesis doctoral.
650 0 4 _aNacionalidad.
_915435
852 _aES-MaACL
_jT-1310-F-8
999 _c107448
_d107448